01399cam a2200385 a 4500001001400000003000800014005001700022006001900039007001500058008004100073020003800114040003000152049002600182050002300208082001200231100003100243245008400274260002700358300003900385490002400424520016700448521001700615588004700632504005100679650001100730650001500741655002900756700002700785710001600812776003500828830002500863856009000888942001600978999001900994EDZ0000104851StDuBDS20161031105113.0m||||||||d||||||||cr |||||||||||121017s2010 enka fo| 001|0|eng|d a9781446269190 (ebook) :cNo price aStDuBDSbengcStDuBDSepn aAlfaisal Main Library 0aHV6431b.G698 201004a3642231 aGrabosky, Peter N.,d1945-10aCrime and terrorismh[electronic resource] /cPeter Grabosky and Michael Stohl. aLondon :bSAGE,c2010. a1 online resource (146 p.) :bill.1 aCompact criminology8 aVeteran researchers Grabosky and Stohl draw on organised crime to illuminate the neglected terrain between terrorism and more ordinary forms of illegal behaviour. aSpecialized. aDescription based on print version record. aIncludes bibliographical references and index. 0aCrime. 0aTerrorism. 7aElectronic books.2local1 aStohl, Michael,d1947-2 aSage eBooks08iPrint version :z9781849200325 0aCompact criminology.40uhttp://ezproxy.alfaisal.edu/login?url=http://sk.sagepub.com/books/crime-and-terrorism 2lcccEBOOKS c479383d479383